| 000 | 01754nam a22003377a 4500 | ||
|---|---|---|---|
| 001 | 9405 | ||
| 003 | FISKH | ||
| 005 | 20260105141256.0 | ||
| 008 | 260105b cb ||||| |||| 00| 0 eng d | ||
| 020 | _a9789995054090 | ||
| 020 | _a 9995054094 | ||
| 040 |
_aFISKH _bkhr _cFISKH _dFISKH |
||
| 050 | _aPZ7 | ||
| 082 | _a940 | ||
| 100 | _aHoestland , Joe | ||
| 245 |
_aសំបុត្ររបស់សាវីតា / _cBy Joe Hoestland |
||
| 260 |
_aPhnom Penh : _b3D Graphics Publishing , _c2006 . |
||
| 300 |
_a32 pages : _bcolor illustrations ; _c20 cm . |
||
| 490 | _aខ្ញុំចង់អាន | ||
| 505 | _aR | ||
| 520 | _aសាវីតារស់នៅប្រទេសឥណ្ឌាក្នុងផ្ចះដ៏ស្កឹមស្កៃមួយ ។ ប៉ុន្តែផ្ទះនោះមិនមែនជារបស់នាងទេ ។ នាងធ្វើការជាអ្នកបម្រើគេនៅទីនោះ ។ ថ្ងៃមួយនាងទទួលបានសំបុត្រមួយតែនាងមិនចេះអានទេ ។ តើនរណាជាអ្នកសរសេរវា ? | ||
| 520 | _aSavita lived in a big mansion in India. However, it was not her own house. She was a maid there. One day, she received a letter, but she couldn't read. Who wrote this letter? | ||
| 521 | 8 |
_a680
_bLexile estimate |
|
| 521 | 8 |
_aR
_bRaz-Plus |
|
| 650 |
_aសំបុត្ររបស់សាវីតា _vរឿងនិទានកុមារ |
||
| 650 |
_aSavita's Letter _vChildren's Stories |
||
| 700 |
_aSithy , Hok _eIllustrator |
||
| 700 |
_aSontepheap , Lim _eIllustrator |
||
| 942 |
_2ddc _cKHB _n0 |
||
| 999 |
_c9405 _d9405 |
||